[Event "GER-ch U12 Girls"]
[Site "Willingen"]
[Date "2020.10.27"]
[Round "1"]
[White "Steinlechner, Katja"]
[Black "Schwenke, Mia Lisanne"]
[Result "1/2-1/2"]
[WhiteElo "1366"]
[BlackElo "1265"]
[PlyCount "56"]
[EventDate "2020.10.26"]
[EventType "swiss"]
[EventRounds "7"]
[EventCountry "GER"]
[SourceTitle "CBM 199 Extra"]
[Source "ChessBase"]
[SourceDate "2021.01.31"]
[SourceVersion "1"]
[SourceVersionDate "2021.01.31"]
[SourceQuality "1"]

1. d4 d5 2. c4 e6 3. Nc3 Nf6 4. Bg5 Be7 5. e3 c6 6. Nf3 0-0 7. cxd5 exd5 8. Bd3 Nbd7 9. 0-0 Re8 10. Qc2 Nf8 11. Rab1 a5 12. a3 Bd6 13. h3 b6 14. b4 axb4 15. axb4 b5 16. Rfc1 Bb7 17. Qb3 N8d7 18. Rc2 Qb6 19. Rbc1 Ra7 20. Qb2 Qa6 21. Qa2 Bxb4 22. Qxa6 Rxa6 23. Bxf6 Nxf6 24. Nxb5 Rb6 25. Na7 Ba3 26. Ra1 Bd6 27. Rac1 Ba3 28. Ra1 Bd6 1/2-1/2

[Event "GER-ch U25-B"]
[Site "Willingen"]
[Date "2019.06.13"]
[Round "7"]
[White "Schwenke, Mia Lisanne"]
[Black "Lipinsky, Pierre"]
[Result "0-1"]
[WhiteElo "1136"]
[BlackElo "1353"]
[PlyCount "96"]
[EventDate "2019.06.08"]
[EventType "swiss"]
[EventRounds "9"]
[EventCountry "GER"]
[SourceTitle "CBM 191 Extra"]
[Source "ChessBase"]
[SourceDate "2019.09.30"]
[SourceVersion "1"]
[SourceVersionDate "2019.09.30"]
[SourceQuality "1"]

1. e4 e5 2. Nf3 Nc6 3. Bc4 Nf6 4. Ng5 d5 5. exd5 Na5 6. Bb5+ c6 7. dxc6 bxc6 8. Qf3 Bd7 9. Bd3 Bc5 10. 0-0 0-0 11. Nc3 Re8 12. Nce4 h6 13. Nxf7 Bxf2+ 14. Rxf2 Kxf7 15. Nd6+ Kg8 16. Nxe8 Qxe8 17. Be4 Bg4 18. Qe3 Nc4 19. Qb3 Be6 20. Qd3 Nd6 21. Bh7+ Nxh7 22. Qxd6 Bd5 23. Re2 e4 24. d3 Qh5 25. Re1 exd3 26. cxd3 Qg4 27. Qg3 Qd4+ 28. Qf2 Qxd3 29. Be3 Rf8 30. Qe2 Qg6 31. Rf1 Re8 32. Rf2 Qe4 33. Re1 Bxa2 34. Bxa7 Qxe2 35. Rfxe2 Rxe2 36. Rxe2 Kf7 37. b4 Bc4 38. Re3 Nf6 39. Bc5 Nd5 40. Re4 Bb5 41. Kf2 Ba4 42. Kg3 g6 43. Kh4 g5+ 44. Kh3 h5 45. Re5 Kf6 46. Re8 h4 47. Kg4 Bd1+ 48. Kh3 Nf4# 0-1

[Event "GER-ch U25-B"]
[Site "Willingen"]
[Date "2019.06.11"]
[Round "4"]
[White "Schilay, Maria"]
[Black "Schwenke, Mia Lisanne"]
[Result "1-0"]
[WhiteElo "1415"]
[BlackElo "1136"]
[PlyCount "65"]
[EventDate "2019.06.08"]
[EventType "swiss"]
[EventRounds "9"]
[EventCountry "GER"]
[SourceTitle "CBM 191 Extra"]
[Source "ChessBase"]
[SourceDate "2019.09.30"]
[SourceVersion "1"]
[SourceVersionDate "2019.09.30"]
[SourceQuality "1"]

1. e4 c5 2. Nc3 Nc6 3. g3 g6 4. Bg2 Bg7 5. d3 e6 6. Be3 d6 7. Qd2 Nge7 8. Nge2 0-0 9. Bh6 Rb8 10. h4 b5 11. Bxg7 Kxg7 12. h5 Rh8 13. 0-0-0 Qa5 14. Rh2 b4 15. Nb1 Qxa2 16. Qf4 e5 17. h6+ Kf8 18. Qf6 Rg8 19. f4 exf4 20. Rf1 Ke8 21. Rxf4 a5 22. e5 d5 23. Qxf7+ Kd8 24. Rf6 Nd4 25. Rd6+ Bd7 26. Nxd4 cxd4 27. Bxd5 Qa1 28. e6 Qa4 29. Rxd7+ Kc8 30. Qxe7 Rb6 31. Qc5+ Kb8 32. Qxb6+ Kc8 33. Qc7# 1-0

[Event "Youth District Germany"]
[Site "Wuerzburg"]
[Date "2018.10.05"]
[Round "5.8"]
[White "Schulz, Hannah"]
[Black "Schwenke, Mia Lisanne"]
[Result "1-0"]
[WhiteElo "1527"]
[BlackElo "1203"]
[PlyCount "79"]
[EventDate "2018.10.02"]
[EventType "team-swiss"]
[EventRounds "7"]
[EventCountry "GER"]
[SourceTitle "CBM 186 Extra"]
[Source "ChessBase"]
[SourceDate "2018.08.24"]
[SourceVersion "1"]
[SourceVersionDate "2018.08.24"]
[SourceQuality "1"]
[WhiteTeam "Baden U20"]
[BlackTeam "Sachsen Anhalt U20"]
[WhiteTeamCountry "GER"]
[BlackTeamCountry "GER"]

1. e4 c5 2. Nf3 Nc6 3. d4 cxd4 4. Nxd4 g6 5. Nc3 Bg7 6. Be3 Nf6 7. Bc4 0-0 8. f3 Qb6 9. Bb3 Nxe4 10. Na4 Qa5+ 11. c3 Nf6 12. Qd2 Qe5 13. Nxc6 bxc6 14. 0-0-0 d5 15. Nc5 Nd7 16. Nd3 Qd6 17. h4 c5 18. Nf2 e6 19. h5 Qa6 20. Bh6 c4 21. hxg6 fxg6 22. Bc2 Rb8 23. Bb1 Qb6 24. Bxg7 Rf7 25. Bd4 Qb7 26. Bxg6 Rg7 27. Bxg7 Kxg7 28. Qh6+ Kf6 29. Ng4+ Ke7 30. Qxh7+ Kd6 31. Qh2+ Kc6 32. Rd2 Nc5 33. Ne5+ Kb6 34. Qg1 Ka6 35. Qxc5 Qg7 36. Qa3+ Kb6 37. Nxc4+ dxc4 38. Rd6+ Kb7 39. Rh7 Qc7 40. Be4# 1-0

[Event "GER-ch U10 Girls"]
[Site "Willingen"]
[Date "2018.05.25"]
[Round "9"]
[White "Loos, Violeta"]
[Black "Schwenke, Mia Lisanne"]
[Result "0-1"]
[WhiteElo "1023"]
[BlackElo "1062"]
[PlyCount "70"]
[EventDate "2018.05.19"]
[EventType "swiss"]
[EventRounds "11"]
[EventCountry "GER"]
[SourceTitle "CBM 184 Extra"]
[Source "ChessBase"]
[SourceDate "2018.06.28"]
[SourceVersion "1"]
[SourceVersionDate "2018.06.28"]
[SourceQuality "1"]

1. e4 e5 2. Nf3 Nc6 3. Bc4 Nf6 4. Nc3 Nxe4 5. Nxe4 d5 6. Bd3 dxe4 7. Bxe4 Bd6 8. h3 0-0 9. 0-0 Be6 10. d3 f5 11. Bxc6 bxc6 12. Re1 Qf6 13. Bg5 Qg6 14. Qd2 h6 15. Bh4 e4 16. Nd4 f4 17. Nxe6 f3 18. g3 Qxe6 19. Kh2 g5 20. Bxg5 Bxg3+ 21. fxg3 f2 22. Rf1 hxg5 23. Qxg5+ Kh7 24. Qe3 Rf3 25. Qe2 Qe5 26. Rxf2 Qxg3+ 27. Kh1 Rxf2 28. Qxe4+ Kg7 29. Qd4+ Kg6 30. Qe4+ Kf6 31. Qd4+ Kf7 32. Qc4+ Kf8 33. Qc5+ Kg7 34. Qd4+ Kh6 35. Rg1 Qh2# 0-1

[Event "GER-ch U10 Girls"]
[Site "Willingen"]
[Date "2018.05.22"]
[Round "5"]
[White "Schwenke, Mia Lisanne"]
[Black "Chassard, Cecilia"]
[Result "1-0"]
[WhiteElo "1062"]
[BlackElo "821"]
[PlyCount "45"]
[EventDate "2018.05.19"]
[EventType "swiss"]
[EventRounds "11"]
[EventCountry "GER"]
[SourceTitle "CBM 184 Extra"]
[Source "ChessBase"]
[SourceDate "2018.06.28"]
[SourceVersion "1"]
[SourceVersionDate "2018.06.28"]
[SourceQuality "1"]

1. e4 e5 2. Nf3 Nc6 3. Bc4 Bc5 4. c3 Nf6 5. d4 exd4 6. e5 Nxe5 7. Nxe5 Qe7 8. cxd4 Bb4+ 9. Bd2 Bxd2+ 10. Nxd2 d6 11. Ndf3 dxe5 12. Nxe5 Be6 13. Qb3 Bxc4 14. Qxc4 0-0 15. 0-0 Rad8 16. Rae1 Qd6 17. Rd1 Qe7 18. Rfe1 Qd6 19. a4 Qd5 20. Qxc7 Nd7 21. a5 Rfe8 22. Nxd7 Rxd7 23. Rxe8# 1-0